000 00651nam a2200193Ii 4500
003 JO-AjNU
008 230605s9999||||xx |||||||||||||| ||und||
040 _aJO-AjNU
_bara
_erda
_cJO-AjNU
041 _aara
050 1 4 _aTA350.S5724 2001
100 3 _aتاليف ستراك ، باسل جميل ,
_eauthor
_914873
245 0 0 _aالهندسة الميكانيكية =Michaical Engineering
264 3 1 _aعمان :مؤسسة الوراق للنشر ،2001
300 _a399ص
336 _atext
_btxt
_2rdacontent
337 _aunmediated
_bn
_2rdamedia
338 _avolume
_bnc
_2rdacarrier
650 4 _aالهندسة الميكانيكية
_914874
999 _aA4069
_c7637
_d7637